| 000 | 00439 a2200169 4500 | ||
|---|---|---|---|
| 003 | Nust | ||
| 005 | 20170207153550.0 | ||
| 040 | _cNust | ||
| 082 | _a005.1 | ||
| 100 | _aMehmood, Yasar MSCS-14 | ||
| 245 |
_aIncorporating business process change in information system design _cYasar Mehmood, MSCS-14 |
||
| 260 |
_bMCS _cJune 2010 |
||
| 300 | _ax, 114 p | ||
| 538 | _aAlmirah No 69 Shelf No 6 | ||
| 650 | _aMSCS Thesis | ||
| 651 | _aMSCS Thesis | ||
| 942 | _cTHS | ||
| 999 |
_c188812 _d188812 |
||